000 00412nam a2200157Ia 4500
008 120926t2000 xxu||||| |||| 00| 0 sin d
041 _asin
080 _aX 8 S 3 (Youth)
_bRAT
245 _aගඟට තරහ ගිහින්
246 _aGagata Tharaha Gihin
260 _aGodage
_aColombo
_c2000
300 _b64p, ill, 21 cm
942 _cBK
999 _c43101
_d43101
003 LK-CoDNM
040 _aLK-CoDNM
_dLK-CoDNM
_eLK-CoDNM